La comunicación impresa : (Record no. 14190)
[ view plain ]
| 000 -CABECERA | |
|---|---|
| campo de control de longitud fija | 00812cam a2200205 a 4500 |
| 001 - NÚMERO DE CONTROL | |
| campo de control | 000014605 |
| 005 - FECHA Y HORA DE LA ÚLTIMA TRANSACCIÓN | |
| campo de control | 20200929163856.0 |
| 008 - DATOS DE LONGITUD FIJA--INFORMACIÓN GENERAL | |
| campo de control de longitud fija | 881221s1976 ve a b 000 0 spa |
| 040 ## - FUENTE DE LA CATALOGACIÓN | |
| Centro catalogador/agencia de origen | DO-SdBNP |
| Lengua de catalogación | spa |
| Centro/agencia modificador | BNPHU |
| 082 ## - NÚMERO DE LA CLASIFICACIÓN DECIMAL DEWEY | |
| Número de clasificación | 070.86 |
| Número de documento/Ítem | M357c |
| 100 1# - ENTRADA PRINCIPAL--NOMBRE DE PERSONA | |
| Nombre de persona | Marquez Rodríguez, Alexis, |
| Fechas asociadas al nombre | 1931- |
| 9 (RLIN) | 33067 |
| 245 13 - MENCIÓN DE TÍTULO | |
| Título | La comunicación impresa : |
| Resto del título | teoría y práctica del lenguaje periodístico / |
| Mención de responsabilidad, etc. | Alexis Marquez Rodríguez. |
| 260 ## - PUBLICACIÓN, DISTRIBUCIÓN, ETC. | |
| Lugar de publicación, distribución, etc. | Caracas, Venezuela : |
| Nombre del editor, distribuidor, etc. | Síntesis Dosmil, |
| -- | Talleres Avila, |
| Fecha de publicación, distribución, etc. | 1976. |
| 300 ## - DESCRIPCIÓN FÍSICA | |
| Extensión | 398 p. : |
| Otras características físicas | ill. ; |
| Dimensiones | 22 cm. |
| 504 ## - NOTA DE BIBLIOGRAFÍA, ETC. | |
| Nota de bibliografía, etc. | Bibliografía : p. 393-398. |
| 500 ## - NOTA GENERAL | |
| Nota general | Incluye datos biográficos del autor en la contracubierta |
| 650 #4 - PUNTO DE ACCESO ADICIONAL DE MATERIA--TÉRMINO DE MATERIA | |
| Término de materia o nombre geográfico como elemento de entrada | Periodismo |
| Subdivisión geográfica | Venezuela |
| Subdivisión general | Idioma español |
| 9 (RLIN) | 33068 |
| 650 #4 - PUNTO DE ACCESO ADICIONAL DE MATERIA--TÉRMINO DE MATERIA | |
| Término de materia o nombre geográfico como elemento de entrada | Comunicación escrita |
| Subdivisión geográfica | Venezuela |
| 9 (RLIN) | 33069 |
| 650 #4 - PUNTO DE ACCESO ADICIONAL DE MATERIA--TÉRMINO DE MATERIA | |
| Término de materia o nombre geográfico como elemento de entrada | Idioma español |
| Subdivisión geográfica | Venezuela |
| 9 (RLIN) | 33070 |
| Estado de retiro | Estado de pérdida | Restricciones de uso | No para préstamo | Código de colección | Localización permanente | Ubicación/localización actual | Ubicación en estantería | Fecha de adquisición | Número de inventario | Total de préstamos | Signatura topográfica completa | Código de barras | Fecha visto por última vez | Precio válido a partir de | Tipo de ítem Koha |
|---|---|---|---|---|---|---|---|---|---|---|---|---|---|---|---|
| Excluido de préstamo | Monografías: Libros y Folletos | General | General | En catalogación | 15.01.2010 | LF1 | 070.86 M357c | 14605-10 | 25.06.2020 | 25.06.2020 | No se presta | ||||
| Monografías: Libros y Folletos | Patrimonio Dominicano | Patrimonio Dominicano | Orden iniciada | 05.06.2017 | LF1 | 070.86 M357c | 14605-20 | 25.06.2020 | 25.06.2020 | No se presta |
